000 00537nam a2200217 a 4500
001 0001-2263
003 ELIB.Books
008 190812 2010 eng
020 _a0310310210
092 _a262.12
_bOgd
100 _aOgden, Greg.
245 _aThe New Reformation
260 _aGrand Rapids
_bGrand Rapids
_c1990
300 _a224
_c21.5cm
650 _aBiography
856 _nKBTS Library
_uKBTS Elib
942 _2ddc
_cBK
990 _a1
998 _aEnglishbooks.elf
_ccat
_e2019-08-12
999 _c12263
_d12263